56 Największych Miast na Świecie - Statystyki

Ogólne statystyki
  • Ten quiz został rozwiązany 179 razy
  • Średni wynik to 20 z 56
Statystyki odpowiedzi
Ludność Miasto % Poprawnych
12,428,000 Moskwa
93%
19,045,000 Nowy Jork
93%
22,056,000 Pekin
90%
38,785,000 Tokio
87%
12,114,000 Londyn
83%
12,067,000 Paryż
81%
13,154,000 Los Angeles
72%
21,206,000 Kair
70%
22,070,000 Meksyk
70%
14,865,000 Stambuł
70%
27,698,000 Delhi
65%
15,825,000 Buenos Aires
64%
14,980,000 Rio De Janeiro
64%
10,183,000 Seul
64%
25,087,000 Szanghaj
60%
13,152,000 Dżakarta
54%
22,097,000 Sao Paulo
52%
13,206,000 Bangkok
50%
10,617,000 Bogota
50%
10,725,000 Teheran
47%
9,826,000 Hongkong
44%
10,715,000 Lima
44%
23,212,000 Mumbaj
44%
17,959,000 Lagos
42%
21,542,000 Osaka
42%
15,194,000 Manila
40%
7,782,000 Singapur
39%
8,442,000 Santiago
38%
9.858.000 Bagdad
36%
11,143,000 Wuhan
36%
19,854,000 Dhaka
34%
13,479,000 Kinszasa
31%
19,007,000 Karaczi
30%
7,332,000 Rijad
26%
9,725,000 Chartum
15%
18,405,000 Kolkata
13%
9,147,000 Jokohama
12%
11,250,000 Chengdu
9%
12,888,000 Bangalore
8%
8,085,000 Guadalajara
8%
14,871,000 Guangzhou
8%
10,606,000 Tianjin
7%
15,223,000 Chongqing
6%
12,055,000 Madras
6%
9,365,000 Rangun
6%
7,997,000 Busan
5%
9,945,000 Hyderabad
5%
7,118,000 Pune
5%
10,014,000 Ahmadabad
4%
11,946,000 Lahore
4%
12,991,000 Shenzhen
4%
8,227,000 Agra
3%
9,868,000 Surat
3%
10,426,000 Ho Chi Minh City
2%
8,729,000 Nanjing
2%
8,821,000 Foshan
1%
Nie znaleziono quizów pasujących do podanych kryteriów
Rozkład punktacji
Procent ludzi z każdym wynikiem
Percentyl według liczby udzielonych odpowiedzi
Twoja historia wyników
Nie rozwiązałeś tego quizu